[Event "Zuerich op-B 38th"]
[Site "Zuerich"]
[Date "2014.12.26"]
[Round "1"]
[White "Petr, Glenn"]
[Black "Gartmann, Luzius"]
[Result "1-0"]
[WhiteElo "1947"]
[BlackElo "1725"]
[PlyCount "57"]
[EventDate "2014.12.26"]
[EventType "swiss"]
[EventRounds "7"]
[EventCountry "SUI"]
[SourceTitle "CBM 164 Extra"]
[Source "ChessBase"]
[SourceDate "2015.03.02"]
[SourceVersion "1"]
[SourceVersionDate "2015.03.02"]
[SourceQuality "1"]

1. e4 c5 2. Nf3 e6 3. Nc3 Nc6 4. d4 cxd4 5. Nxd4 Bb4 6. Ndb5 d6 7. a3 Bxc3+ 8. bxc3 d5 9. exd5 exd5 10. Bf4 Qe7+ 11. Be2 Ne5 12. Qxd5 f6 13. 0-0 Be6 14. Nd6+ Kf8 15. Qxb7 Qxb7 16. Nxb7 Ne7 17. Nc5 Bf5 18. Bxe5 fxe5 19. Bd3 Rc8 20. Bxf5 Rxc5 21. Be4 Rxc3 22. Rfd1 Kf7 23. Rd7 a5 24. Ra7 Rc5 25. Rb1 Rd8 26. f3 g6 27. Rbb7 Re8 28. a4 Kf6 29. Rb5 1-0

[Event "Zuerich op 37th"]
[Site "Zuerich"]
[Date "2013.12.28"]
[Round "4"]
[White "Keller, Philipp"]
[Black "Petr, Glenn"]
[Result "0-1"]
[WhiteElo "1929"]
[BlackElo "1917"]
[PlyCount "92"]
[EventDate "2013.12.26"]
[EventType "swiss"]
[EventRounds "7"]
[EventCountry "SUI"]
[SourceTitle "CBM 158 Extra"]
[Source "ChessBase"]
[SourceDate "2014.02.28"]
[SourceVersion "1"]
[SourceVersionDate "2014.02.28"]
[SourceQuality "1"]

1. e4 e5 2. Nf3 Nc6 3. d4 exd4 4. Nxd4 Bc5 5. Be3 Qf6 6. c3 Nge7 7. Bc4 Ne5 8. Be2 d5 9. Nb5 Bxe3 10. fxe3 Qc6 11. Qd4 f6 12. exd5 Qd7 13. d6 cxd6 14. Nxd6+ Kf8 15. 0-0 Nf7 16. Nxf7 Kxf7 17. Bc4+ Ke8 18. Nd2 Nc6 19. Qe4+ Qe7 20. Qxe7+ Kxe7 21. Nf3 Re8 22. Rae1 a6 23. e4 Be6 24. Bxe6 Kxe6 25. Nd4+ Kd7 26. Nf5 Rg8 27. Rd1+ Kc7 28. Rd2 Rae8 29. Ng3 Re6 30. Rfd1 Ne5 31. b3 g6 32. c4 Rge8 33. Ne2 Ng4 34. Rd7+ Kc8 35. Nc3 f5 36. Rxh7 fxe4 37. Rdd7 e3 38. Rc7+ Kb8 39. Rxb7+ Ka8 40. Ra7+ Kb8 41. Rhb7+ Kc8 42. h3 Ne5 43. Kf1 Rf6+ 44. Ke1 Nd3+ 45. Ke2 Rf2+ 46. Kd1 Rd2# 0-1

[Event "Zuerich op 37th"]
[Site "Zuerich"]
[Date "2013.12.27"]
[Round "3"]
[White "Petr, Glenn"]
[Black "Brenner, Frank"]
[Result "1-0"]
[WhiteElo "1917"]
[BlackElo "1822"]
[PlyCount "74"]
[EventDate "2013.12.26"]
[EventType "swiss"]
[EventRounds "7"]
[EventCountry "SUI"]
[SourceTitle "CBM 158 Extra"]
[Source "ChessBase"]
[SourceDate "2014.02.28"]
[SourceVersion "1"]
[SourceVersionDate "2014.02.28"]
[SourceQuality "1"]

1. e4 e5 2. Bc4 Bc5 3. Nc3 d6 4. d3 Nf6 5. Nf3 Nc6 6. Be3 Bb6 7. h3 Be6 8. Bb3 d5 9. exd5 Nxd5 10. Nxd5 Bxd5 11. 0-0 Bxb3 12. axb3 0-0 13. Re1 Re8 14. Qd2 Qd6 15. Qc3 Qb4 16. Bxb6 Qxc3 17. bxc3 axb6 18. Rxa8 Rxa8 19. Nxe5 Re8 20. Nf3 Rxe1+ 21. Nxe1 b5 22. f4 b4 23. cxb4 Nxb4 24. Kf2 f5 25. c4 c5 26. Ke3 Kf7 27. d4 b6 28. d5 Ke7 29. Kd2 b5 30. Nd3 Nxd3 31. Kxd3 Kd6 32. g4 fxg4 33. hxg4 g6 34. Ke4 h5 35. gxh5 gxh5 36. Kf5 bxc4 37. bxc4 h4 1-0

[Event "Zuerich op 37th"]
[Site "Zuerich"]
[Date "2013.12.27"]
[Round "2"]
[White "Saric, Vili"]
[Black "Petr, Glenn"]
[Result "0-1"]
[WhiteElo "1973"]
[BlackElo "1917"]
[PlyCount "71"]
[EventDate "2013.12.26"]
[EventType "swiss"]
[EventRounds "7"]
[EventCountry "SUI"]
[SourceTitle "CBM 158 Extra"]
[Source "ChessBase"]
[SourceDate "2014.02.28"]
[SourceVersion "1"]
[SourceVersionDate "2014.02.28"]
[SourceQuality "1"]

1. d4 d5 2. c4 c6 3. Nc3 Nf6 4. Bg5 e6 5. e3 h6 6. Bh4 Be7 7. Nf3 0-0 8. Qc2 Nbd7 9. Rc1 Qa5 10. a3 Re8 11. Nd2 e5 12. dxe5 Nxe5 13. Bxf6 Bxf6 14. cxd5 cxd5 15. Nb3 Qd8 16. Nb5 Nc6 17. Be2 a6 18. Nc3 d4 19. Rd1 Be6 20. Nxd4 Nxd4 21. exd4 Bxd4 22. 0-0 Qb6 23. Na4 Qa7 24. Qe4 Rad8 25. Bd3 g6 26. Qh4 Bb3 27. Bxg6 fxg6 28. Qxh6 Bxd1 29. Qxg6+ Bg7 30. h4 Bxa4 31. Rc1 Rf8 32. Qe6+ Kh8 33. Qg4 Qxf2+ 34. Kh1 Rd1+ 35. Rxd1 Bxd1 36. Qxd1 0-1

[Event "SUI-ch U12"]
[Site "Winterthur"]
[Date "2007.10.08"]
[Round "7"]
[White "Meylan, Andre"]
[Black "Petr, Glenn"]
[Result "1/2-1/2"]
[WhiteElo "1789"]
[BlackElo "1740"]
[PlyCount "48"]
[EventDate "2007.10.05"]
[EventType "swiss"]
[EventRounds "7"]
[EventCountry "SUI"]
[SourceTitle "EXT 2009"]
[Source "ChessBase"]
[SourceDate "2008.11.26"]
[SourceVersion "1"]
[SourceVersionDate "2008.11.26"]
[SourceQuality "1"]

1. e4 e5 2. Nf3 Nc6 3. d4 exd4 4. Nxd4 Bc5 5. Be3 Qf6 6. Nb5 Bxe3 7. fxe3 Qd8 8. Qg4 g6 9. Qf4 d6 10. Bc4 Be6 11. Bxe6 fxe6 12. 0-0 Nge7 13. N1c3 a6 14. Nd4 Nxd4 15. exd4 Kd7 16. d5 e5 17. Qg4+ Ke8 18. Rf2 Rf8 19. Rxf8+ Kxf8 20. Rf1+ Kg7 21. Qe6 Qe8 22. Qf6+ Kg8 23. Qe6+ Kg7 24. Rf3 Ng8 1/2-1/2